000 00659nas a2200229 4500
001 BR9200244
003 BR-BrBNA
005 20231205092231.0
007 ta
008 230509b bl.|||p| |||| 00| 00por d
040 _aBR-BrBNA
_bpor
_cBiblioteca Nacional de Agricultura
041 _a(Pt)
072 _aF01
100 1 _aRibeiro, J.H.
245 1 _aJequitiba [Cariniana legalis, Cariniana strellensis]
650 _aJEQUITIBA BRANCO
650 _aJEQUITIBA ROSA
650 _aFLORA
773 0 _tGlobo Rural (Brazil)
_xISSN 0102-6178
_g(Oct 1989), v. 5(48) p. 136-145
_wBR9200244
909 _a202311
_bLúcia
_c55
_dLúcia Elande
942 _2AGRIS
_n0
_cANA
999 _c130272
_d130272